00478 2200193 4500001002100000008004100021035002000062245003500082250002000117260003300137300002000170020002200190084001400212082000800226650002600234990000800260990000800268990000800276INLIS000000000000304 ind  a0010-0425000304 aKEJADIAN ALAM YANG MENAKJUBKAN aCetakan pertama aDepok :bCV Arya Duta,c2018 a80 hlm.c30 cm. a978-979-094-743-6 a550 RIZ k a550 aRizky Utami Handayani a654 a655 a656